00497nam a22001217a 4500008004100000040005500041080001500096245015300111260005800264300001600322650001800338653001900356230331b |||||||| |||| 00| 0 eng d aNational Science LibrarycNational Science Library aR339.9bP0 aCompilation of foreign collaboration approvals: bPrepared under the national register of foreign collaborationsc/ Ministry of Science & Technology aNew Delhi: bMinistry of Science & Technology, c1999 aviii, 637p. aWorld Economy aForeign trade